Statistics for Suvarnabhumi Airport Destinations (Bangkok, Thailand)

Click here to take the quiz!

General Stats

  • This quiz has been taken 59 times
  • The average score is 92 of 145

Answer Stats

AirlineDestination% Correct
Air China/Hainan Airlines/Thai Airways InternationalBeijing (Capital)
98%
Ethiopian AirlinesAddis Ababa
95%
Air India/IndiGo/SpiceJet/Thai Airways International/VistaraDelhi
95%
Lufthansa/Thai Airways InternationalFrankfurt
95%
S7 AirlinesMoscow (Domodedovo)
95%
AeroflotMoscow (Sheremetyevo)
95%
Etihad AirlinesAbu Dhabi
93%
Cathay Pacific/Emirates/Ethiopian Airlines/Greater Bay Airlines/HK Express/Hong Kong Airlines/Thai Airways InternationalHong Kong
93%
Cebu Pacific/Philippine Airlines/Thai Airways InternationalManila
93%
Air India/IndiGo/SpiceJet/Thai Airways International/VistaraMumbai
93%
Bangkok Airways/Thai Airways International/Thai VietJet AirPhuket
93%
EVA Air/KLMAmsterdam
91%
IndiGo/Thai Airways InternationalBangalore
91%
Scandinavian Airlines/Thai Airways InternationalCopenhagen
91%
China Eastern Airlines/China Southern Airlines/Hainan Airlines/Kenya Airways/Thai Airways InternationalGuangzhou
91%
Bamboo Airways/Pacific Airlines/Thai Smile/VietJet Air/Vietnam Airlines/Vietravel AirlinesHanoi
91%
FinnairHelsinki
91%
Bamboo Airways/Pacific Airlines/Thai Smile/Thai VietJet Air/VietJet Air/Vietnam Airlines/Vietravel AirlinesHo Chi Minh City
91%
Garuda Indonesia/Thai Airways InternationalJakarta (Soekarno-Hatta)
91%
Air France/Thai Airways InternationalParis (Charles de Gaulle)
91%
Air China/Beijing Capital Airlines/China Eastern Airlines/Juneyao Airlines/Shanghai Airlines/Spring Airlines/Thai AirAsia/Thai Airways InternationalShanghai (Pudong)
91%
Gulf Air/Jetstar Asia Airways/Scoot/Thai Airways International/Thai VietJet AirSingapore
91%
Austrian Airlines/EVA AirVienna
91%
Qatar AirwaysDoha
89%
EmiratesDubai (International)
89%
Air India/Bhutan Airlines/IndiGo/SpiceJet/Thai Airways International/Thai Smile/Thai VietJet AirKolkata
89%
Lufthansa/Thai Airways InternationalMunich
89%
Norse Atlantic AirwaysOslo
89%
SaudiaRiyadh
89%
Air Busan/Air Premia/Asiana Airlines/Eastar Jet/Jeju Air/Jin Air/Korean Air/Thai AirAsia/Thai Airways International/T'way AirSeoul (Incheon)
89%
Thai Airways InternationalStockholm (Arlanda)
89%
All Nippon Airways/Japan Airlines/Thai Airways InternationalTokyo (Haneda)
89%
Air Japan/All Nippon Airways/Japan Airlines/Thai AirAsia/Thai Airways International/Zipair TokyoTokyo (Narita)
89%
Swiss International Air Lines/Thai Airways InternationalZurich
89%
Royal JordanianAmman (Queen Alia)
86%
Saudia/Thai Airways InternationalJeddah
86%
China Airlines/EVA Air/Starlux Airlines/Thai Airways International/Thai VietJet AirTaipei (Taoyuan)
86%
El AlTel Aviv
86%
SriLankan AirlinesColombo (Bandaranaike)
84%
EVA Air/Thai Airways InternationalLondon (Heathrow)
84%
Air MacauMacau
84%
Japan Airlines/Peach/Thai Airways International/Thai VietJet AirOsaka (Kansai)
84%
XiamenAirXiamen
84%
Philippine AirlinesCebu
82%
Kuwait AirwaysKuwait City
82%
China Southern Airlines/Shenzhen AirlinesShenzhen
82%
Qantas/Thai AirAsia/Thai Airways InternationalSydney
82%
Air CanadaVancouver
82%
Air AstanaAlmaty
80%
Air Busan/Jeju Air/Jin Air/Korean AirBusan
80%
Air China/China Eastern Airlines/Lucky Air/Sichuan Airlines/Spring Airlines/Thai Airways InternationalChengdu (Tianfu)
80%
AirAsia X/MYAirline/Thai Airways InternationalKuala Lumpur (International)
80%
Jetstar/Thai Airways InternationalMelbourne
80%
Uzbekistan AirwaysTashkent
80%
Urumqi AirUrumqi
80%
Lao Airlines/Thai Airways InternationalVientiane
80%
Thai Airways InternationalChennai
77%
Bangkok Airways/Thai AirAsia/Thai Airways International/Thai Smile/Thai VietJet AirChiang Mai
77%
Thai Airways International/Turkish AirlinesIstanbul
77%
Jeju AirJeju
77%
Oman Air/SalamAirMuscat
77%
Bangkok Airways/Cambodia Airways/Lanmei Airlines/Sky Angkor Airlines/Thai Airways International/Thai VietJet AirPhnom Penh
77%
UrumqiWuhan
77%
Drukair/Thai Airways International/US-Bangal AirlinesDhaka
75%
Kenya AirwaysNairobi (Jomo Kenyatta)
75%
Bangkok Airways/Myanmar Airways International/Myanmar National Airlines/Thai Airways InternationalYangon
75%
West AirChongqing
73%
Nepal Airlines/Thai Airways International/Thai SmileKathmandu
73%
China Eastern Airlines/Kunming Airlines/Lucky Air/Thai Airways InternationalKunming
73%
XiamenAirTianjin
73%
MIAT Mongolian Airlines/Thai VietJet AirUlaanbaatar
73%
Aeroflot/S7 AirlinesVladivostok
73%
Royal Brunei AirlinesBandar Seri Begawan
70%
Thai Airways InternationalDenpasar
70%
Thai Airways InternationalHyderabad
70%
Gulf AirBahrain
68%
Bangkok Airways/MaldivianMale
68%
Beijing Capital Airlines/China Eastern Airlines/Juneyao Airlines/Thai VietJet AirNanjing
66%
Bangkok Airways/Thai VietJet Air/Vietnam AirlinesDa Nang
64%
Thai Airways InternationalIslamabad
64%
Thai Airways InternationalKarachi
64%
Thai Airways InternationalRome (Fiumicino)
64%
Air China/Beijing Capital AirlinesHangzhou
61%
Thai Airways InternationalNagoya (Centrair)
61%
Thai AirAsia/Thai Airways InternationalSapporo (Chitose)
61%
Mahan AirTehran (Imam Khomeini)
61%
Thai Airways InternationalMilan (Malpensa)
59%
Thai Airways International/Thai Smile/Thai VietJet AirChiang Rai
57%
Thai Airways International/Thai VietJet AirFukuoka
57%
Thai AirAsia/Thai Airways International/Thai Smile/Thai VietJet AirKrabi
57%
Myanmar Airways InternationalMandalay
57%
Aeroflot/S7 AirlinesNovosibirsk
57%
Thai Airways International/Thai VietJet AirAhmedabad
55%
XiamenAirFuzhou
55%
Thai Airways InternationalLahore
55%
China Southern Airlines/GX Airlines/Spring AirlinesNanning
55%
Bhutan Airlines/DrukairParo
55%
Shandong AirlinesQingdao
55%
AeroflotYekaterinburg
55%
China Airlines/Thai Airways International/Thai SmileKaohsiung
52%
Thai Airways International/Thai SmilePenang
52%
Beijing Capital AirlinesChangsha
50%
T'way AirDaegu
50%
Bangkok Airways/Thai SmileSiem Reap
50%
Bangkok AirwaysLuang Prabang
48%
Bangkok AirwaysSiem Reap (Angkor)
48%
XiamenAirDalian
45%
Hainan Airlines/Thai VietJet AirHaikou
45%
Thai VietJet AirHefei
43%
Aeroflot/S7 AirlinesIrkutsk
43%
Shanghai AirlinesWenzhou
43%
Air ArabiaSharjah
41%
Bangkok Airways/Thai Airways International/Thai Smile/Thai VietJet AirHat Yai
39%
Bangkok AirwaysKoh Samui
39%
Aeroflot/S7 AirlinesKrasnoyarsk
39%
Cebu PacificClark
36%
Thai VietJet AirNingbo
36%
Aeroflot/S7 AirlinesKhabarovsk
34%
Thai Smile/Thai VietJet AirSurat Thani
34%
Thai Airways International/Thai Smile/Thai VietJet AirUdon Thani
34%
Spring AirlinesLanzhou
32%
Thai VietJet AirPhu Quoc
30%
China Eastern AirlinesTaiyuan
30%
Thai Airways International/Thai Smile/Thai VietJet AirUbon Ratchathani
30%
Hebei AirlinesGuiyang
27%
S7 AirlinesUlan-Ude
27%
Thai VietJet AirChangzhou
25%
Hebei AirlinesShijiazhuang
25%
Thai Airways International/Thai Smile/Thai VietJet AirKhon Kaen
23%
IndiGoBhubaneswar
20%
Thai VietJet AirCan Tho
20%
Thai VietJet AirNakhon Si Thammarat
20%
Hebei AirlinesLianyungang
18%
Jeju AirMuan
18%
Lao AirlinesPakse
18%
Air AustralSaint-Denis de la Reunion
18%
Bangkok AirwaysTrat
18%
Thai VietJet AirDa Lat
16%
China Southern AirlinesJieyang
16%
Bangkok AirwaysSukhothai
16%
Urumqi AirLuoyang
14%
Thai Airways International/Thai SmileNarathiwat
14%
Bhutan Airlines/Thai Smile/Thai VietJet AirGaya
9%
Bangkok AirwaysLampang
9%
DrukairBagdogra
7%

Score Distribution

Percentile by Number Answered

Percent of People with Each Score

Your Score History

You have not taken this quiz